=LDR 00000nam 2200000 4500 =001 INLIS000000000044771 =005 20131008110702 =008 ***********************************Ind** =035 ##$$0010-101300000002693 =041 ##$$a Ind =082 ##$$a 813 =090 ##$$a 813, Qui s =100 ##$$a Quick, Amanda =245 ##$$a Serghty Shady, Amanda ; Penerjemah, Andriyati =260 ##$$a Dasten Book6c2011 $b jakarta =300 ##$$a 424 Hlm., 18 Cm =850 ##$$a NNT-CD